000
00482nam a2200145Ia 4500
008
151213s9999 xx 000 0 und d
100
_a
আনোয়ারা আজাদ।
245
_a
লোনা জলের হৃদ ্
_c
আনোয়ারা আজাদ।
260
_a
ঢাকা।
_b
পারিজাত।
_c
2003
300
_a
8653 p.
650
_a
Bangla
650
_a
গল্প।
700
_a
আনোয়ারা আজাদ।
999
_c
4440
_d
4440